000 00254nam a22001097a 4500
008 131217t xxu||||| |||| 00| 0 eng d
020 _a0-00-616449-8
100 _aAgatha Christie
_9444
245 _aPassenger to Frankfurt
300 _a000
942 _2ddc
_cBK
999 _c16715
_d16715